Incorrecciones al relieve / (Registro nro. 15772)

Detalles MARC
000 -CABECERA
campo de control de longitud fija 01679nam a2200349 i 4500
001 - NÚMERO DE CONTROL
campo de control 000000306
003 - IDENTIFICADOR DEL NÚMERO DE CONTROL
campo de control DO-SdBPM
005 - FECHA Y HORA DE LA ÚLTIMA TRANSACCIÓN
campo de control 20260324141004.0
007 - CAMPO FIJO DE DESCRIPCIÓN FÍSICA--INFORMACIÓN GENERAL
campo de control de longitud fija ta
008 - DATOS DE LONGITUD FIJA--INFORMACIÓN GENERAL
campo de control de longitud fija 081212s2007 dr ac b 000 0 spa d
020 ## - NÚMERO INTERNACIONAL ESTÁNDAR DEL LIBRO
Número Internacional Estándar del Libro 9789945858617
020 ## - NÚMERO INTERNACIONAL ESTÁNDAR DEL LIBRO
Número Internacional Estándar del Libro 9945858610
040 ## - FUENTE DE LA CATALOGACIÓN
Centro catalogador/agencia de origen DO-SdBPM
Lengua de catalogación spa
Centro/agencia transcriptor BPMSU
Normas de descripción rda
Centro/agencia modificador
082 04 - NÚMERO DE LA CLASIFICACIÓN DECIMAL DEWEY
Número de clasificación 460.7
Número de documento/Ítem J61i, 2007
Número de edición 22
100 1# - ENTRADA PRINCIPAL--NOMBRE DE PERSONA
Nombre de persona Jiménez Díaz, Carlos,
Fechas asociadas al nombre 1943-
Término indicativo de función/relación autor
Código de función/relación aut.
100 z# - ENTRADA PRINCIPAL--NOMBRE DE PERSONA
Nombre de persona Díaz, Carlos Jiménez
Fechas asociadas al nombre 1943-
245 10 - MENCIÓN DE TÍTULO
Título Incorrecciones al relieve /
Mención de responsabilidad, etc. Carlos Jiménez Díaz.
250 ## - MENCIÓN DE EDICIÓN
Mención de edición 3a. ed.
264 #1 - PRODUCCIÓN, PUBLICACIÓN, DISTRIBUCIÓN, FABRICACIÓN Y COPYRIGHT
Producción, publicación, distribución, fabricación y copyright Santo Domingo :
Nombre del de productor, editor, distribuidor, fabricante Cybercolor,
Fecha de producción, publicación, distribución, fabricación o copyright 2007.
300 ## - DESCRIPCIÓN FÍSICA
Extensión 207 páginas :
Otras características físicas ilustraciones, retratos ;
Dimensiones 24 cm.
336 ## - TIPO DE CONTENIDO
Fuente rdacontent
Término de tipo de contenido texto
Código de tipo de contenido txt
337 ## - TIPO DE MEDIO
Fuente rdamedia
Nombre/término del tipo de medio sin mediación
Código del tipo de medio n
338 ## - TIPO DE SOPORTE
Fuente rdacarrier
Nombre/término del tipo de soporte volumen
Código del tipo de soporte nc
500 ## - NOTA GENERAL
Nota general Breve reseña biográfica
500 ## - NOTA GENERAL
Nota general
505 0# - NOTA DE CONTENIDO CON FORMATO
Nota de contenido con formato Introducción --
Título Indicaciones previas --
-- Transcripción (Muestreo de redacción) --
-- Corrección estrictamente gramatical (Bosquejo de corrección) --
-- Interpretación hipotética del contexto anterior --
-- Muestreos de redacción y bosquejos de corrección --
-- Retratos ortográficos --
-- Comentarios en cápsulas --
-- Diferencia entre palabras --
-- Dictado de párrafos para la evaluación ortográfica --
-- Patrones didácticos: empleo de verbos --
-- Planificación de unidades temáticas --
-- Patrones didácticos: empelos de verbos --
-- Parónimos --
-- Patrones didácticos: empleo de verbos --
-- Consulta bibliográfica.
590 ## - NOTA LOCAL (RLIN)
Nota local Inventariado, 2026/VM
650 #7 - PUNTO DE ACCESO ADICIONAL DE MATERIA--TÉRMINO DE MATERIA
Término de materia o nombre geográfico como elemento de entrada Español
Subdivisión general Enseñanza
650 #7 - PUNTO DE ACCESO ADICIONAL DE MATERIA--TÉRMINO DE MATERIA
Término de materia o nombre geográfico como elemento de entrada Español
Subdivisión general Gramática
-- Estudio y enseñanza
910 ## - DATOS DE OPCIÓN DEL USUARIO (OCLC)
Datos de opción del usuario VMateo. Control de calidad. BPMSU
942 ## - ELEMENTOS DE PUNTO DE ACCESO ADICIONAL (KOHA)
Fuente del sistema de clasificación o colocación Dewey Decimal Classification
Tipo de ítem Koha Libros
Existencias
Estado de retiro Estado de pérdida Fuente del sistema de clasificación o colocación No para préstamo Código de colección Localización permanente Ubicación/localización actual Fecha de adquisición Total de préstamos Signatura topográfica completa Código de barras Fecha visto por última vez Precio válido a partir de Tipo de ítem Koha
    Dewey Decimal Classification   Colección Dominicana Biblioteca Pública Metropolitana Salomé Ureña Biblioteca Pública Metropolitana Salomé Ureña 03/24/2026   BPMSU CD 460.7 J61i, 2007 BPMSU26030068 03/24/2026 03/24/2026 Libros